El desarrollo de la sociabilidad

I tiakina i:
Ngā taipitopito rārangi puna kōrero
Kaituhi matua: Schaffer, H. Rudolph (Author)
Hōputu: Pukapuka
Reo:Pāniora
I whakaputaina: Madrid Aprendizaje Visor 1983
Rangatū:Colección Aprendizaje, 8
Ngā marau:
Ngā Tūtohu: Tāpirihia he Tūtohu
Kāore He Tūtohu, Me noho koe te mea tuatahi ki te tūtohu i tēnei pūkete!

MARC

LEADER 00000nam a2200000 a 4500
001 UCZ7560
003 CL-VaPUC
008 960105e19830000SP |||||||||||||||||spa|d
082 0 4 |a 303.32  |b SCH  |2 21 
100 0 |a Schaffer, H. Rudolph  |e author  |9 352517 
245 1 3 |a El desarrollo de la sociabilidad 
300 |a 236 p 
942 |c BK 
945 |d 19960105 00:00:00  |a cmena 
260 |a Madrid  |b Aprendizaje Visor  |c 1983 
650 0 |a Socialización  |9 309940 
650 0 |a Integración social  |9 319662 
650 0 |a Niños  |9 255605 
650 0 |a Psicología del niño  |9 307305 
650 0 |a Desarrollo individual   |9 307875 
650 0 |a Psicología del desarrollo  |9 307541 
583 |a last modification  |c 19960105 00:00:00  |k Rodrigo Vera 
490 0 |a Colección Aprendizaje, 8 
999 |c 243614  |d 243612 
952 |0 0  |1 0  |4 0  |6 303_320000000000000_SCH_1983  |7 0  |8 A  |9 257319  |a BIBEDU  |b BIBEDU  |d 2019-11-19  |i 1611739  |o 303.32 SCH 1983  |p 1611739  |r 2019-11-19  |w 2019-11-19  |y BK  |k EDU